|
|
|
|
| LEADER |
02384nam a22004097a 4500 |
| 001 |
42771 |
| 003 |
BD-DhAAL |
| 005 |
20250508175623.0 |
| 008 |
240709t2023 bg ||||| b||| 00| 0 ben d |
| 020 |
|
|
|a 9789849728368
|
| 020 |
|
|
|a 9841806797
|
| 040 |
|
|
|a BD-DhAAL
|c BD-DhAAL
|
| 041 |
|
|
|a ben
|
| 082 |
|
|
|a 491.44
|2 23
|
| 245 |
|
|
|a বাঙালির ভাষাচিন্তা :
|b লেখনরীতিচর্চা.
|n নবম খণ্ড /
|c সম্পাদক, সাখাওয়াতৎ আনসারী ; গ্রন্থমালা সম্পাদক, আবদুল্লাহ আবু সায়ীদ.
|
| 246 |
|
|
|a Bangalir chintamulok rochona shongroho :
|b bhasha [nobom khondo]
|
| 246 |
|
|
|a A collection of Bengali thoughts :
|b language [volume : 9]
|
| 264 |
|
|
|a ঢাকা :
|b বিশ্বসাহিত্য কেন্দ্র,
|c ২০২৩.
|
| 300 |
|
|
|a ৫৬৫ পৃষ্ঠা ;
|c ২২ সে.মি.
|
| 362 |
|
|
|a Vol. 9
|
| 490 |
|
|
|a বাঙালির চিন্তামূলক রচনা সংগ্রহ ;
|v ৬৩
|
| 490 |
|
|
|a বিশ্বসাহিত্য কেন্দ্র প্রকাশনা ;
|v ৬৮০
|
| 500 |
|
|
|a প্রথম প্রকাশ.
|
| 504 |
|
|
|a গ্রন্থপঞ্জিগত নির্দেশিকা অন্তর্ভুক্ত।
|
| 526 |
|
|
|a AAL, RS
|
| 541 |
|
|
|a Bishwo Shahitto Kendro
|e 42771, 42807
|
| 650 |
|
|
|a Bengali language.
|
| 650 |
|
|
|a Bengali language
|x History.
|
| 700 |
|
|
|a আনসারী, সাখাওয়াতৎ.
|
| 700 |
|
|
|a সায়ীদ, আবদুল্লাহ আবু.
|
| 830 |
|
|
|a বাঙালির চিন্তামূলক রচনা সংগ্রহ ;৬৩
|9 56620
|
| 830 |
|
|
|a বিশ্বসাহিত্য কেন্দ্র প্রকাশনা ;৬৮০
|9 56621
|
| 852 |
|
|
|a Ayesha Abed Library
|c Reference
|
| 942 |
|
|
|2 ddc
|c BK
|
| 999 |
|
|
|c 46818
|d 46818
|
| 952 |
|
|
|0 0
|1 0
|2 ddc
|4 0
|6 491_440000000000000_BAN
|7 1
|9 75862
|a SCL
|b SCL
|c REF
|d 2024-07-03
|e Bishwo Shahitto Kendro
|g 710.00
|l 0
|o 491.44 BAN
|p 3020042807
|r 2024-07-03
|t 2
|v 1420.00
|w 2024-07-03
|y BK
|
| 952 |
|
|
|0 0
|1 0
|2 ddc
|4 0
|6 491_440000000000000_BAN
|7 1
|9 75863
|a BRACUL
|b BRACUL
|c REF
|d 2024-07-03
|e Bishwo Shahitto Kendro
|g 710.00
|l 0
|o 491.44 BAN
|p 3010042771
|r 2024-07-03
|t 1
|v 1420.00
|w 2024-07-03
|y BK
|